| 000 | 00912cam a22002651 4500 | ||
|---|---|---|---|
| 001 | 11210 | ||
| 003 | BD-RjUL | ||
| 005 | 20211208235105.0 | ||
| 008 | 140126s1963 nyua b 001 0 eng | ||
| 035 | _a(BD-RjUL)11259 | ||
| 035 | _a(OCoLC)284864 | ||
| 040 |
_aDLC _cODaWU _dBD-RjUL _beng |
||
| 041 | _aeng | ||
| 082 |
_a621.1127 _bRAD 1963 |
||
| 245 | 1 | 0 |
_aRadiation effects on organic materials / _cedited by Robert O. Bolt and James G. Carroll. Prepared under the auspices of the Division of Technical Information, U.S. Atomic Energy Commission. |
| 260 |
_aNew York : _bAcademic Press, _c1963. |
||
| 300 |
_axv, 576 p. : _billus. ; _c24 cm. |
||
| 504 | _aIncludes bibliographies and index. | ||
| 650 | 0 |
_aMaterials _xEffect of radiation on. _930158 |
|
| 700 | 1 |
_aBolt, Robert O. _ejoint ed. _934684 |
|
| 700 | 1 |
_aCarroll, James G. _934685 |
|
| 942 |
_2ddc _cBK |
||
| 999 |
_c11210 _d11210 |
||